Archiv für Kulturgeschichte: AKG / Ergänzungsheft
| Subtitles: | AKG |
|---|---|
| Format: | Electronic Series/Journal |
| Language: | German |
| Subito Delivery Service: | Order now. |
| Check availability: | HBZ Gateway |
| WorldCat: | WorldCat |
| Interlibrary Loan: | Für eine Fernleihe wählen Sie bitte zuerst einen Band oder Aufsatz aus. |
| Published: |
Berlin
Duncker
1905-1905
|
| In: | Year: 1905 |
| Standardized Subjects / Keyword chains: | B
Deutschland (boat, 1866-1875)
|
| Further subjects: | B
Publication series
|
| Parallel Edition: | Non-electronic
|
| Sammlungen: |
MARC
| LEADER | 00000cas a2200000 c 4500 | ||
|---|---|---|---|
| 001 | 1007282592 | ||
| 003 | DE-627 | ||
| 005 | 20240702132000.0 | ||
| 007 | cr ||||||||||| | ||
| 008 | 171206d19051905gw z| m|o 0 |0ger c | ||
| 016 | 7 | |a 1147875375 |2 DE-101 | |
| 016 | 7 | |a 2913679-9 |2 DE-600 | |
| 035 | |a (DE-627)1007282592 | ||
| 035 | |a (DE-576)494911468 | ||
| 035 | |a (DE-599)ZDB2913679-9 | ||
| 035 | |a (OCoLC)1368683234 | ||
| 040 | |a DE-627 |b ger |c DE-627 |e rda | ||
| 041 | |a ger | ||
| 044 | |c XA-DE |c XA-DXDE | ||
| 082 | 0 | 4 | |a 900 |q DE-600 |
| 084 | |a 1 |2 ssgn | ||
| 084 | |a 15.40 |2 bkl | ||
| 245 | 0 | 0 | |a Archiv für Kulturgeschichte |b AKG |p Ergänzungsheft |
| 246 | 3 | 3 | |a AKG |
| 264 | 3 | 1 | |a Berlin |b Duncker |c 1905-1905 |
| 336 | |a Text |b txt |2 rdacontent | ||
| 337 | |a Computermedien |b c |2 rdamedia | ||
| 338 | |a Online-Ressource |b cr |2 rdacarrier | ||
| 362 | 0 | |a 1 (1905) | |
| 363 | 0 | 0 | |a 1 |i 1905 |
| 500 | |a Reproduktion | ||
| 530 | |a Online-Ausgabe: UB Leipzig, 2017 | ||
| 533 | |a Reproduktion |b [Leipzig] |c [Universitätsbibliothek Leipzig] |d 2017-2017 |e Online-Ressource |n Online-Ausgabe: UB Leipzig, 2017 |7 |20172017|||||| | ||
| 583 | 1 | |a Archivierung/Langzeitarchivierung gewährleistet |2 pdager |5 DE-15 | |
| 601 | |a Kulturgeschichte | ||
| 655 | 7 | |a Monografische Reihe |0 (DE-588)4179998-7 |0 (DE-627)104628669 |0 (DE-576)209995106 |2 gnd-content | |
| 689 | 0 | 0 | |d g |0 (DE-588)4011882-4 |0 (DE-627)104704861 |0 (DE-576)208896155 |2 gnd |a Deutschland |
| 689 | 0 | |5 (DE-627) | |
| 776 | 0 | 8 | |i Elektronische Reproduktion von |t Archiv für Kulturgeschichte / Ergänzungsheft |d Berlin : Duncker, 1905 |w (DE-627)130099708 |w (DE-600)501769-5 |w (DE-576)015632318 |k Non-Electronic |
| 935 | |a RFBW |a mteo | ||
| 935 | |h SWB |i ld | ||
| 936 | b | k | |a 15.40 |j Deutsche Geschichte: Allgemeines |q ARK |0 (DE-627)181569612 |
| 951 | |a ST | ||
| ELC | |a 1 | ||
| LOK | |0 000 xxxxxcx a22 zn 4500 | ||
| LOK | |0 001 454499215X | ||
| LOK | |0 003 DE-627 | ||
| LOK | |0 004 1007282592 | ||
| LOK | |0 005 20240702131201 | ||
| LOK | |0 008 240702||||||||||||||||ger||||||| | ||
| LOK | |0 040 |a DE-Tue135 |c DE-627 |d DE-Tue135 | ||
| LOK | |0 092 |o n | ||
| LOK | |0 852 |a DE-Tue135 | ||
| LOK | |0 852 1 |9 00 | ||
| LOK | |0 866 |x SPQUE#Reformationsgeschichtliche Forschungsbibliothek Wittenberg#SPSAM#Übergeordnete Werke | ||
| LOK | |0 935 |a RFBW |a rfuw | ||
| LOK | |0 939 |a 02-07-24 |b l01 | ||
| ORI | |a SA-MARC-ixtheoa001.raw | ||
| REL | |a 1 | ||
| STA | 0 | 0 | |a Deutschland (boat, 1866-1875),Germany,Germany,Germany,Germany,German Federal Republic (motif),Germany,Germany,Germany,Germany,Germany,Germany,Federal Republic of Germany,Germany,Germany,German Democratic Republic,Germany,Germany,Soviet Occupation Zone,French Occupation Zone |
| STB | 0 | 0 | |a Deutschland (bateau, 1866-1875),Allemagne,Allemagne,République fédérale d'Allemagne (motif) |
| STC | 0 | 0 | |a Alemania,Alemania |
| STD | 0 | 0 | |a Germania,Germania |
| STE | 0 | 0 | |a 德国,德国 |
| STF | 0 | 0 | |a 德國,德國 |
| STG | 0 | 0 | |a Alemanha,Alemanha |
| STH | 0 | 0 | |a Германия (ГДР, мотив),Германия (мотив) |
| STI | 0 | 0 | |a Γερμανία (ΛΔΓ, μοτίβο),Γερμανία (μοτίβο) |
| SUB | |a REL | ||
| SYG | 0 | 0 | |a DDR,Deutsche Demokratische Republik,Germany,Amerikanische Zone Deutschlands,BRD,Britische Zone Deutschlands,Bundesrepublik Deutschland,Französische Zone Deutschlands,Vereinigtes Wirtschaftsgebiet Deutschlands,BRD,Bundesrepublik Deutschland , Vereinigtes Wirtschaftsgebiet,Bizone,Verwaltung des Vereinigten Wirtschaftsgebietes,Französische Zone,Zone Française d'Occupation,Französische Besatzungszone,ZFO,Britische Zone,British occupation zone,Britische Besatzungszone,British Zone of Control,Britisches Kontrollgebiet,British Element,Britisches Element,Sowjetische Zone,Russische Zone,Sowjetische Besatzungszone,Russische Besatzungszone,Sowjetische Besatzungszone Deutschlands,Sowjetische Besatzungszone in Deutschland,Sowjetisch Besetzte Zone,Sowjetzone,Ostzone,SBZ,Länder,Westliche Bundesländer,Alte Bundesländer,Deutschland,Westdeutschland,Deutschland,Westzonen,Westliche Besatzungszonen,Trizone,Amerikanische Zone,American occupation zone,Amerikanische Besatzungszone,ABZ,United States Area of Control,Amerikanisches Kontrollgebiet,U.S. zone of occupation,United States Zone,U.S. Zone,US-Zone,Deutsche Demokratische Republik,DDR,Deutschland,German Democratic Republic,GDR,République Démocratique Allemande,RDA,Germanskaja Demokratičeskaja Respublika,Demokratičeskaja Respublika,Democratic Republic,Demokratische Republik,Niemiecka Republika Demokratyczna,NRD,Ǧumhūrīyat Almāniyā ad-Dīmuqrāṭīya,República Democrática Alemana,Saksan Demokraattisen Tasavallan,Repubblica Democratica Tedesca,Mitteldeutschland,Ostdeutschland,East Germany,Ostzone,Östliche Bundesländer,Neue Bundesländer,Länder,Deutschland,Ostdeutschland,Deutschland,Deutschland,Alemanha,Alemania,Allemagne,Almanija,Almāniyā,Bondsrepubliek Duitsland,BRD,BRD,Bundesrepublik Deutschland,Deutschland,Deutschland,Federal Republic of Germany,Förbundsrepubliken Tyskland,Förbundsrepublikken Tyskland,FRG,Germany,Németországi Szövetségi Kőztársaság,Niemiecka Republika Federalna Niemiecka Republika Federalna,NRF,Repubblica Federale di Germania,Republic of Germany,República Federal da Alemanha,República Federal de Alemania,Republik Federasi Djerman,Republika Federalna Niemiec,République Fédérale d'Allemagne,RFN,Saksan Liittotasavalta,Westdeutschland,Deutsche Länder,Germany,Heiliges Römisches Reich,Rheinbund,Deutscher Bund,Norddeutscher Bund,Deutsches Reich,Deutschland,Deutschland,BRD,Federal Republic of Germany,Republic of Germany,Allemagne,Ǧumhūrīyat Almāniyā al-Ittiḥādīya,Bundesrepublik Deutschland,BRD,Niemcy,République Fédérale d'Allemagne,Repubblica Federale di Germania,Germanija,Federativnaja Respublika Germanija,FRG,Deyizhi-Lianbang-Gongheguo |
| TIM | |a 100019901003_100020261231 |b 1990-10-03 - 2026 | ||



